000 00656cam a22002413a 4500
001 10201
003 PGUSA
005 20140828083221.0
008 031101s2003||||xxu|||||s|||||000 1 eng d
040 _aPGUSA
_beng
042 _adc
050 4 _aPS
100 1 _aGrey, Zane,
_d1872-1939
245 1 4 _aThe Desert of Wheat
_h[electronic resource] /
_cZane Grey
260 _bProject Gutenberg,
_c2003
506 _aPublic domain in the USA.
516 _aElectronic text
653 _aWorld War, 1914-1918 -- Fiction
653 _aWar stories
830 0 _aProject Gutenberg
_v10201
856 4 0 _uhttp://www.gutenberg.org/ebooks/10201
942 _cEB
999 _c239456
_d239456